[Event "GER-chT U10"]
[White "Sultanaliev, Akbar"]
[Black "Eichner, Tim"]
[Site "Magdeburg"]
[Round "7.3"]
[Result "0-1"]
[Date "2016.12.29"]
[WhiteElo "777"]
[BlackElo "818"]
[PlyCount "42"]
[EventDate "2016.12.27"]
[EventType "team-swiss"]
[EventRounds "7"]
[EventCountry "GER"]
[SourceTitle "EXT 2018"]
[Source "ChessBase"]
[SourceDate "2017.10.13"]
[SourceVersion "1"]
[SourceVersionDate "2017.10.13"]
[SourceQuality "1"]
[WhiteTeam "Halle USV"]
[BlackTeam "Dresden TU"]
[WhiteTeamCountry "GER"]
[BlackTeamCountry "GER"]

1. e4 e5 2. Nf3 Nc6 3. Bc4 Bc5 4. d3 Nf6 5. Ng5 0-0 6. 0-0 d6 7. Nc3 h6 8. Nf3 Bg4 9. h3 Bh5 10. Bd5 Nxd5 11. exd5 Nd4 12. g4 Bg6 13. a3 Nxf3+ 14. Qxf3 Qd7 15. b4 Bd4 16. Bb2 Qe7 17. Rab1 f5 18. gxf5 Rxf5 19. Qe2 Qh4 20. Nb5 Qxh3 21. Bxd4 Rg5+ 0-1

[Event "GER-chT U10"]
[White "Sultanaliev, Akbar"]
[Black "Graf, Micha"]
[Site "Magdeburg"]
[Round "1.3"]
[Result "1-0"]
[Date "2016.12.27"]
[WhiteElo "777"]
[BlackElo "600"]
[PlyCount "31"]
[EventDate "2016.12.27"]
[EventType "team-swiss"]
[EventRounds "7"]
[EventCountry "GER"]
[SourceTitle "EXT 2018"]
[Source "ChessBase"]
[SourceDate "2017.10.13"]
[SourceVersion "1"]
[SourceVersionDate "2017.10.13"]
[SourceQuality "1"]
[WhiteTeam "Halle USV"]
[BlackTeam "Hemer"]
[WhiteTeamCountry "GER"]
[BlackTeamCountry "GER"]

1. e4 e5 2. Nf3 Nc6 3. Bc4 Bc5 4. d3 Nf6 5. Ng5 0-0 6. 0-0 Re8 7. Nc3 d6 8. a3 Bg4 9. Qe1 Be2 10. Qxe2 d5 11. exd5 Nd4 12. Qe3 Nxc2 13. Qg3 Nxa1 14. Nxh7 Nxh7 15. Bh6 Bd6 16. Qxg7# 1-0